Detalles MARC
| 000 -CABECERA |
| campo de control de longitud fija |
02505cam a2200277 i 4500 |
| 001 - NÚMERO DE CONTROL |
| campo de control |
15813 |
| 003 - IDENTIFICADOR DEL NÚMERO DE CONTROL |
| campo de control |
DO-SdUEMH |
| 005 - FECHA Y HORA DE LA ÚLTIMA TRANSACCIÓN |
| campo de control |
20260211151409.0 |
| 007 - CAMPO FIJO DE DESCRIPCIÓN FÍSICA--INFORMACIÓN GENERAL |
| campo de control de longitud fija |
ta |
| 008 - DATOS DE LONGITUD FIJA--INFORMACIÓN GENERAL |
| campo de control de longitud fija |
211105s2014 dr a|||gr|||| 00| 0 spa|d |
| 040 ## - FUENTE DE LA CATALOGACIÓN |
| Centro catalogador/agencia de origen |
DO-SdUEMH |
| Lengua de catalogación |
spa |
| Normas de descripción |
rda |
| 041 ## - CÓDIGO DE LENGUA |
| Código de lengua del texto/banda sonora o título independiente |
spa |
| 082 14 - NÚMERO DE LA CLASIFICACIÓN DECIMAL DEWEY |
| Colección |
Colección Dominicana |
| Número de clasificación |
RD 372.19 |
| Número de documento/Ítem |
M665d |
| 084 ## - OTRO NÚMERO DE CLASIFICACIÓN |
| Item number |
14-00094 |
| 110 ## - ENTRADA PRINCIPAL--NOMBRE DE ENTIDAD CORPORATIVA |
| Nombre de entidad corporativa o nombre de jurisdicción como elemento de entrada |
República Dominicana: Ministerio de Educación de la República Dominicana MINERD |
| 245 10 - MENCIÓN DE TÍTULO |
| Título |
Diseño curricular nivel primario : |
| Resto del título |
primer ciclo (1ro, 2do y 3ro) / |
| 260 ## - PUBLICACIÓN, DISTRIBUCIÓN, ETC. |
| Date of publication, distribution, etc. |
2014 |
| 264 01 - PRODUCCIÓN, PUBLICACIÓN, DISTRIBUCIÓN, FABRICACIÓN Y COPYRIGHT |
| Lugar de producción, publicación, distribución, fabricación |
Santo Domingo : |
| Nombre del de productor, editor, distribuidor, fabricante |
Ministerio de Educación, |
| Fecha de producción, publicación, distribución, fabricación o copyright |
2014 |
| 300 ## - DESCRIPCIÓN FÍSICA |
| Extensión |
416 páginas ; |
| Dimensiones |
27 cm. |
| 336 ## - TIPO DE CONTENIDO |
| Fuente |
rdacontent |
| Término de tipo de contenido |
texto |
| Código de tipo de contenido |
txt |
| 337 ## - TIPO DE MEDIO |
| Fuente |
rdamedia |
| Nombre del tipo de medio |
sin mediación |
| Código del tipo de medio |
n |
| 338 ## - TIPO DE SOPORTE |
| Fuente |
rdacarrier |
| Nombre del tipo de soporte |
volumen |
| Código del tipo de soporte |
nc |
| 505 ## - NOTA DE CONTENIDO CON FORMATO |
| Nota de contenido con formato |
Nivel primario -- Naturaleza y funciones de la educación primaria -- Caracterización de los niños y niñas -- Componentes del diseño curricular -- Competencias -- Contenidos -- Estrategias de enseñanza y de aprendizaje -- Los medios y recursos para el aprendizaje -- La evaluación de los aprendizajes en el nivel primario -- Perfil de egreso -- Competencias fundamentales, niveles de dominio correspondientes a la educación primaria -- Competencia ética y ciudadana -- Competencia comunicativa -- Competencia de pensamiento lógico, creativo y crítico -- Competencia de resolución de problemas -- Competencia científica y tecnológica -- Competencia ambiental y de la salud -- Competencia de desarrollo personal y espiritual -- El proceso de alfabetización de las áreas de conocimiento -- Estrategias para la articulación -- Unidades de aprendizaje -- Proyectos de investigación -- Proyecto de investigación en el aula -- Eje temático -- Distribución del tiempo -- Perfil del docente del nivel primario -- El centro educativo -- La orientación educativa -- Competencias, contenidos e indicadores de logro -- Primer grado -- Lengua Española -- Matemática -- Ciencias sociales -- Ciencias de la naturaleza -- Educación artística -- Educación Física -- Formación integral, humana y religiosa -- Segundo grado -- Lengua Española -- Matemática -- Ciencias sociales -- Ciencias de la naturaleza -- Educación artística -- Educación Física -- Formación integral, humana y religiosa -- Tercer grado -- Lengua Española -- Matemática -- Ciencias sociales -- Ciencias de la naturaleza -- Educación artística -- Educación Física -- Formación integral, humana y religiosa.<br/> |
| 942 ## - ELEMENTOS DE PUNTO DE ACCESO ADICIONAL (KOHA) |
| Fuente del sistema de clasificación o colocación |
Dewey Decimal Classification |
| Tipo de ítem Koha |
Libro |
| Suprimir en OPAC |
No |